|
|
|
|
| LEADER |
00000nam a22000007a 4500 |
| 005 |
20161107175549.0 |
| 007 |
cr|||| ||u| |
| 008 |
161107c20159999Mx |||||o|||| 00| 0 Spa d |
| 035 |
|
|
|a 14531
|
| 040 |
|
|
|a vLex
|
| 090 |
|
|
|c 6384
|d 6384
|
| 245 |
0 |
|
|a Revista Cadena de Custodia
|h [Recurso electrn̤ico] :
|b ŁEl x̌ito en la Investigacin̤!.
|
| 256 |
|
|
|a Servicio en ln̕ea
|
| 260 |
|
|
|a Mx̌ico:
|b Criminogenesis,
|c 2015- .
|
| 300 |
|
|
|a 1 Recurso electrn̤ico
|
| 362 |
|
|
|a Num. 1 (2015)-
|
| 506 |
1 |
|
|a Disponible en los productos indicados
|d vLex Global
|d vLex Global (Academic Edition, excluding Law Schools)
|d vLex Global (U.S. Academic Edition, Law Schools)
|d vLex Global (U.S. Academic Edition, excluding Law Schools)
|d vLex Global (Academic Edition, Law Schools)
|
| 650 |
0 |
4 |
|a Derecho pena ̨
|z Mx̌ico
|
| 740 |
0 |
|
|a vLex libros (servicio en ln̕ea)
|
| 856 |
4 |
0 |
|u http://vlex.com/source/revista-cadena-de-custodia-el-exito-en-la-investigacion--14531
|z Acceso restringido
|
| 942 |
|
|
|c REV
|
| 999 |
0 |
|
|a Criminal law
|